| LEADER 00000nam 2200000uu 4500 |
| 001 13399107652 |
| 003 BCNR |
| 008 100906s2551||||th 000 0 tha d |
| 020 9749965574
|
| 020 9789749965573
|
| 050 4 QD31.3^bช786ค ล.2 2551
|
| 100 1 แชง, เรย์มอนด์
|
| 245 10 เคมี 2 =^bChemistry /^cเขียน, Raymond Chang ;แปลและเรียบเรียง, ทวีชัย อมรศักดิ์ชัย ... [และคนอื่นๆ]
|
| 246 31 Chemistry
|
| 260 กรุงเทพฯ :^bแมคกรอ-ฮิล,^c2551
|
| 300 x, 373 หน้า :^bภาพประกอบ ;^c27 ชม.
|
| 650 7 เคมี
|
| 700 0 ทวีชัย อมรศักดิ์ชัย,^eผู้แปล
|
| 700 1 Chang, Raymond. ^tChemistry
|
| 700 0 ยุทธนา ตันติรุ่งโรจน์ชัย,^eผู้แปล
|
| 700 0 ทินกร เตียนสิงห์,^eผู้แปล
|
| 700 0 พรสวรรค์ อมรศักดิ์ชัย,^eผู้แปล
|
| 999 ^aบรรณารักษ์
|